[Event "Corsica CC-B"]
[Site "Corsica"]
[Date "2004.08.06"]
[Round "6"]
[White "Decourt, Frederic"]
[Black "Bicchierai, Gregory"]
[Result "0-1"]
[WhiteElo "1760"]
[BlackElo "2096"]
[PlyCount "60"]
[EventDate "2004.08.01"]
[EventType "tourn"]
[EventRounds "9"]
[EventCountry "FRA"]
[SourceTitle "EXT 2008"]
[Source "ChessBase"]
[SourceDate "2007.11.25"]
[SourceVersion "1"]
[SourceVersionDate "2007.11.25"]
[SourceQuality "1"]

1. e4 c5 2. Nf3 d6 3. d4 cxd4 4. Nxd4 Nf6 5. Nc3 Nc6 6. Bc4 Qb6 7. Nde2 e6 8. 0-0 Be7 9. Ng3 a6 10. Kh1 Qc7 11. f4 b5 12. Be2 b4 13. Na4 h5 14. Nxh5 Nxh5 15. Bxh5 Qa5 16. f5 Qxa4 17. Bxf7+ Kxf7 18. fxe6+ Ke8 19. Qg4 Qb5 20. Qg6+ Kd8 21. Be3 Kc7 22. Rf5 Qe2 23. Qg3 Bxe6 24. Re1 Qxc2 25. Rf2 Qc4 26. Rc1 Qxe4 27. Rf4 Qe5 28. Bd4 Qg5 29. Qf3 Bd5 30. Qe2 Rxh2+ 0-1

[Event "Corsica CC-B"]
[Site "Corsica"]
[Date "2004.08.02"]
[Round "2"]
[White "Have, Didier"]
[Black "Decourt, Frederic"]
[Result "1-0"]
[WhiteElo "1860"]
[BlackElo "1760"]
[PlyCount "101"]
[EventDate "2004.08.01"]
[EventType "tourn"]
[EventRounds "9"]
[EventCountry "FRA"]
[SourceTitle "EXT 2008"]
[Source "ChessBase"]
[SourceDate "2007.11.25"]
[SourceVersion "1"]
[SourceVersionDate "2007.11.25"]
[SourceQuality "1"]

1. e4 e6 2. d4 d5 3. Nc3 Bb4 4. Nge2 dxe4 5. a3 Bxc3+ 6. Nxc3 Nf6 7. Bg5 Nbd7 8. Nxe4 h6 9. Bh4 g5 10. Nxf6+ Qxf6 11. Bg3 c5 12. c3 cxd4 13. cxd4 Qe7 14. Bd3 Nb6 15. Be5 0-0 16. Qh5 f6 17. Bd6 Qg7 18. Bxf8 Kxf8 19. Bb5 Bd7 20. Bxd7 Nxd7 21. 0-0 Nb6 22. Qe2 Qd7 23. Rfe1 Kf7 24. Rac1 Rc8 25. Rxc8 Qxc8 26. Qe4 f5 27. Qe5 Nd5 28. g3 b5 29. Qd6 f4 30. Qc5 Qxc5 31. dxc5 a5 32. b4 axb4 33. axb4 f3 34. h3 h5 35. g4 hxg4 36. hxg4 Nf6 37. Rd1 Ke7 38. Rd3 Nd5 39. Rxf3 Nxb4 40. Rb3 Nc6 41. Rxb5 Ne5 42. Rb7+ Kd8 43. Rg7 Ke8 44. Kg2 Nxg4 45. Rxg5 Nf6 46. Rg7 Kd8 47. Kf3 e5 48. Rf7 Nd7 49. Rxd7+ Kxd7 50. Ke4 Kc6 51. Kxe5 1-0

[Event "Corsica CC-B"]
[Site "Corsica"]
[Date "2004.08.01"]
[Round "1"]
[White "Decourt, Frederic"]
[Black "Leveque, Christophe"]
[Result "0-1"]
[WhiteElo "1760"]
[BlackElo "1720"]
[PlyCount "127"]
[EventDate "2004.08.01"]
[EventType "tourn"]
[EventRounds "9"]
[EventCountry "FRA"]
[SourceTitle "EXT 2008"]
[Source "ChessBase"]
[SourceDate "2007.11.25"]
[SourceVersion "1"]
[SourceVersionDate "2007.11.25"]
[SourceQuality "1"]

1. e4 e6 2. d4 d5 3. Nc3 c5 4. e5 Ne7 5. Nb5 Nf5 6. c3 Qd7 7. h4 c4 8. Na3 b5 9. g4 Ne7 10. Bh3 a5 11. Nc2 Nec6 12. Qf3 b4 13. Ne2 Bb7 14. Qg3 Na6 15. f4 0-0-0 16. f5 Nc7 17. Nf4 Kb8 18. fxe6 fxe6 19. Bd2 Be7 20. Nh5 Rhg8 21. g5 Rdf8 22. Nf4 Bc8 23. Ne3 Nd8 24. Bg2 Qb5 25. 0-0 Rf7 26. Nh5 Rgf8 27. Bf3 Ne8 28. Rf2 g6 29. Nf6 Nc6 30. Neg4 Bd8 31. Raf1 Bc7 32. Nh6 Nxf6 33. Nxf7 Rxf7 34. gxf6 Rxf6 35. Be2 Rxf2 36. Qxf2 Qa4 37. a3 Qc2 38. Bc1 bxa3 39. bxa3 Qxc3 40. Be3 Bb6 41. Rb1 Ka7 42. Rxb6 Kxb6 43. Kg2 Qxa3 44. Bxc4 Kc7 45. Bb5 Qb3 46. Qe2 a4 47. Qd3 Qxd3 48. Bxd3 a3 49. Bb1 Ba6 50. Bc1 Nxd4 51. Bxa3 Nf5 52. Kh3 Be2 53. Ba2 h5 54. Bb3 Bg4+ 55. Kh2 Nxh4 56. Kg3 Nf3 57. Kf4 Nd2 58. Bc2 Bf5 59. Bxf5 gxf5 60. Kg5 Nc4 61. Bc1 Kc6 62. Kf6 Kd7 63. Kg5 Nxe5 64. Kxh5 0-1

[Event "Porticcio op 4th"]
[Site "Porticcio"]
[Date "2003.06.??"]
[Round "6"]
[White "Bellicou, Dominique"]
[Black "Decourt, Frederic"]
[Result "1-0"]
[WhiteElo "2020"]
[BlackElo "1750"]
[PlyCount "45"]
[EventDate "2003.06.??"]
[EventType "swiss"]
[EventRounds "9"]
[EventCountry "FRA"]
[SourceTitle "EXT 2007"]
[Source "ChessBase"]
[SourceDate "2006.11.23"]
[SourceVersion "1"]
[SourceVersionDate "2006.11.23"]
[SourceQuality "1"]

1. e4 e6 2. d4 d5 3. e5 c5 4. c3 Bd7 5. Nf3 Qb6 6. Be2 Bb5 7. c4 Bxc4 8. Bxc4 dxc4 9. 0-0 cxd4 10. Nxd4 Bc5 11. Be3 Ne7 12. Nc3 0-0 13. Na4 Qc7 14. Nxc5 Qxc5 15. Nxe6 Qxe5 16. Nxf8 Nd5 17. Re1 Nxe3 18. Rxe3 Qxb2 19. Re2 Qb5 20. Qd8 h6 21. Ng6+ Kh7 22. Ne7 Nd7 23. Qxa8 1-0

[Event "Porticcio op 4th"]
[Site "Porticcio"]
[Date "2003.06.??"]
[Round "8"]
[White "Decourt, Frederic"]
[Black "Autran, Yann"]
[Result "0-1"]
[WhiteElo "1750"]
[BlackElo "2100"]
[PlyCount "48"]
[EventDate "2003.06.??"]
[EventType "swiss"]
[EventRounds "9"]
[EventCountry "FRA"]
[SourceTitle "EXT 2007"]
[Source "ChessBase"]
[SourceDate "2006.11.23"]
[SourceVersion "1"]
[SourceVersionDate "2006.11.23"]
[SourceQuality "1"]

1. e4 e6 2. d4 d5 3. Nc3 Bb4 4. e5 c5 5. a3 Bxc3+ 6. bxc3 Ne7 7. Nf3 Qa5 8. Bd2 Nbc6 9. h4 h6 10. h5 Bd7 11. Qc1 a6 12. Rb1 Qc7 13. Qb2 b5 14. Rh3 Na5 15. dxc5 Nc4 16. Bxc4 dxc4 17. Be3 Nd5 18. Bd4 Nf4 19. Rh2 Qc6 20. Qc1 Nd5 21. Qd2 0-0-0 22. Rd1 Ne7 23. Qf4 Nd5 24. Qg3 f5 0-1